| 000 | 02636nam0a2200445 4500 | ||
|---|---|---|---|
| 001 | RU\NLR\bibl\1261501 | ||
| 005 | 20250615131256.0 | ||
| 010 |
_a978-5-222-10737-9 _93000 |
||
| 035 | _a(nilc)EL/0000128040 | ||
| 035 | _a(NLR Aleph) 001247493 | ||
| 090 |
_a297867 _c297867 |
||
| 100 | _a20070606d2007 |||y0rusy50 ca | ||
| 101 | 0 | _arus | |
| 102 | _aRU | ||
| 105 | _aa ||||||||| | ||
| 200 | 1 |
_aНеотложные состояния у детей _eгастроэнтерология, пульмонология, эндокринология, нефрология _eучебное пособие _eдля студентов, обучающихся по специальности 060103(040200) - Педиатрия _f[сост.: Тимошенко В. Н. и др.] _gпод ред. В.Н. Тимошенко |
|
| 210 |
_aРостов-на-Дону _cФеникс _aКрасноярск _cИздательские проекты _d2007 |
||
| 215 |
_a255 с. _cил. _d21 |
||
| 225 | 1 | _aСерия "Высшее образование" | |
| 320 | _aБиблиогр.: с. 247-253 (115 назв.) | ||
| 606 | 1 |
_aНеотложная гастроэнтерология детского возраста _jУчебные издания для высших учебных заведений _92429599 _3RU\NLR\auth\661446238 |
|
| 606 | 1 |
_aНеотложная пульмонология детского возраста _jУчебные издания для высших учебных заведений _92522685 _3RU\NLR\auth\661494762 |
|
| 606 | 1 |
_aНеотложная эндокринология детского возраста _jУчебные издания для высших учебных заведений _92522687 _3RU\NLR\auth\661494763 |
|
| 606 | 1 |
_aНеотложная нефрология детского возраста _jУчебные издания для высших учебных заведений _92522689 _3RU\NLR\auth\661494764 |
|
| 610 | 1 | _aболезни детей | |
| 610 | 1 | _aнеотложные состояния у детей | |
| 610 | 1 | _aнеотложная помощь детям | |
| 686 |
_a57.33 _vLBC/RL _2rubbk |
||
| 686 |
_a76.29.47 _2rugasnti |
||
| 686 | _aР733.413-5,3я73 | ||
| 686 | _aР733.412-5,3я73 | ||
| 686 | _aР733.415.1-5,3я73 | ||
| 686 | _aР733.414-5,3я73 | ||
| 702 | 1 |
_aТимошенко _bВ. Н. _gВиктор Николаевич _4340 |
|
| 801 | 0 |
_aRU _bЧелябинская ОУНБ _c20070606 |
|
| 801 | 1 |
_aRU _bЧелябинская ОУНБ _c20070606 |
|
| 801 | 2 |
_aRU _bNLR _c20080428 _grcr |
|
| 942 | _cBOOK | ||
| 980 | _aNB | ||